Telematika pomáha logistike
Slovo telematika vzniklo spojením slov telekomunikácie a informatika. Je to kombinácia technických a softvérových prostriedkov do ucelených systémov, ktoré zbierajú, vyhodnocujú a odovzdávajú informácie z logistických procesov. Telematika v logistike zjednodušuje, zrýchľuje a zefektívňuje procesy.
Salvato in:
| Autore principale: | |
|---|---|
| Natura: | Capitolo di libro |
| Lingua: | slovacco |
| Soggetti: | |
| Tags: |
Nessun Tag, puoi essere il primo ad aggiungerne!!
|
MARC
| LEADER | 00000naa a2200000 4500 | ||
|---|---|---|---|
| 001 | 0249216 | ||
| 005 | 20181128135907.2 | ||
| 041 | 0 | |a slo | |
| 044 | |a CZ | ||
| 245 | 1 | 0 | |a Telematika pomáha logistike |c Jozef Oravec |
| 520 | |a Slovo telematika vzniklo spojením slov telekomunikácie a informatika. Je to kombinácia technických a softvérových prostriedkov do ucelených systémov, ktoré zbierajú, vyhodnocujú a odovzdávajú informácie z logistických procesov. Telematika v logistike zjednodušuje, zrýchľuje a zefektívňuje procesy. | ||
| 610 | 2 | 0 | |a logistika |
| 610 | 2 | 0 | |a telematika |
| 610 | 2 | 0 | |a preprava |
| 610 | 2 | 0 | |a systémy informačné |
| 610 | 2 | 0 | |a dáta |
| 100 | 1 | |a Oravec, Jozef | |